भविष्यपुराण : एक अनुशीलन / (Record no. 120258)

MARC details
000 -LEADER
fixed length control field 01161nam a22002657a 4500
005 - DATE AND TIME OF LATEST TRANSACTION
control field 20170124103155.0
010 ## - LIBRARY OF CONGRESS CONTROL NUMBER
LC control number A-300519
020 ## - INTERNATIONAL STANDARD BOOK NUMBER
Terms of availability 150.00
035 ## - SYSTEM CONTROL NUMBER
System control number A-300519
037 ## - SOURCE OF ACQUISITION
Source of stock number/acquisition Cen Lib/Ret
040 ## - CATALOGING SOURCE
Original cataloging agency DPL
Language of cataloging HN
082 ## - DEWEY DECIMAL CLASSIFICATION NUMBER
Classification number 230.22
Item number तिवारी
100 ## - MAIN ENTRY--PERSONAL NAME
Personal name तिवारी , रामजी
9 (RLIN) 89373
245 ## - TITLE STATEMENT
Title भविष्यपुराण : एक अनुशीलन /
Statement of responsibility, etc रामजी तिवारी
246 ## - VARYING FORM OF TITLE
Title proper/short title Bhavishyapuran : ek anusheelan
Remainder of title by Ramji Tivari
260 ## - PUBLICATION, DISTRIBUTION, ETC. (IMPRINT)
Place of publication, distribution, etc गौरखपुर
Name of publisher, distributor, etc वैशाली प्रकाशन
Date of publication, distribution, etc 1986
270 ## - ADDRESS
Address बक्शीपुर
City गौरखपुर
Postal code -1
300 ## - PHYSICAL DESCRIPTION
Extent xxxii,341पृष्ठ.
Dimensions 20सेमी(सजिल्द)
500 ## - GENERAL NOTE
General note सन्दर्भ ग्रन्थ सूची शामिल
650 ## - SUBJECT ADDED ENTRY--TOPICAL TERM
Topical term or geographic name as entry element हिन्दू धर्म
9 (RLIN) 89374
650 ## - SUBJECT ADDED ENTRY--TOPICAL TERM
Topical term or geographic name as entry element भविष्यपुराण में धार्मिक अवधारणा
9 (RLIN) 89375
650 ## - SUBJECT ADDED ENTRY--TOPICAL TERM
Topical term or geographic name as entry element Hindu religion
9 (RLIN) 89376
650 ## - SUBJECT ADDED ENTRY--TOPICAL TERM
Topical term or geographic name as entry element Bvishypuran religious concept
9 (RLIN) 89377
942 ## - ADDED ENTRY ELEMENTS (KOHA)
Source of classification or shelving scheme Dewey Decimal Classification
Koha item type Hindi Books
Classification part 230.22
Call number suffix तिवारी
Holdings
Withdrawn status Lost status Damaged status Not for loan Home library Current library Date acquired Source of acquisition Cost, normal purchase price Total Checkouts Full call number Barcode Date last seen Date checked out Copy number Cost, replacement price Price effective from Koha item type
        Central Library Central Library 21/09/2015 Cen Lib/Ret 150.00 2 230.22 तिवारी A-300519 01/01/2018 18/12/2017 1 150.00 21/09/2015 Hindi Books

© Delhi Public Library
Hit Counter
free hit counter